Voľný obchod v malom vydaní
Odstraňovanie ciel, kvót a iných bariér medzinárodného obchodu po tzv. Uruguajskom kole GATT. Slobodné ekonomické zóny (podľa OSN 30 variantov), ich charakteristika. Motívy štátov a investorov pri zakladaní ekonomických zón.
Enregistré dans:
| Auteur principal: | |
|---|---|
| Autres auteurs: | |
| Format: | Chapitre de livre |
| Langue: | slovaque |
| Sujets: | |
| Tags: |
Pas de tags, Soyez le premier à ajouter un tag!
|
MARC
| LEADER | 00000naa a2200000 4500 | ||
|---|---|---|---|
| 001 | r024757 | ||
| 005 | 20221205090440.5 | ||
| 041 | 0 | |a slo | |
| 044 | |a SK | ||
| 245 | 1 | 0 | |a Voľný obchod v malom vydaní |c N. Paštrnáková, Alica Ďurianová |
| 520 | |a Odstraňovanie ciel, kvót a iných bariér medzinárodného obchodu po tzv. Uruguajskom kole GATT. Slobodné ekonomické zóny (podľa OSN 30 variantov), ich charakteristika. Motívy štátov a investorov pri zakladaní ekonomických zón. | ||
| 610 | 2 | 0 | |a svet |
| 610 | 2 | 0 | |a obchod voľný |
| 610 | 2 | 0 | |a zóny |
| 610 | 2 | 0 | |a oblasti obchodu voľného |
| 610 | 2 | 0 | |a GATT |
| 610 | 2 | 0 | |a investori |
| 610 | 2 | 0 | |a bariéry obchodu zahraničného |
| 100 | 1 | |a Paštrnáková, N. | |
| 700 | 1 | |a Ďurianová, Alica | |